Caballeros de Cristo: templarios, hospitalarios, teutónicos y demás órdenes militares en la edad media siglo XI A XVI

Guardat en:
Dades bibliogràfiques
Autor principal: Demurger, Alain (Autor)
Format: Llibre
Idioma:espanyol
Publicat: Granada Universidad de Granada 2005
Col·lecció:Biblioteca de Humanidades, 92
Matèries:
Etiquetes: Afegir etiqueta
Sense etiquetes, Sigues el primer a etiquetar aquest registre!

MARC

LEADER 00000nam a2200000 a 4500
001 UCJ1913
003 CL-VaPUC
008 061117e20050000SP |||||||||||||||||spa|d
020 |a 8433836420 
082 0 4 |a 271.7913  |b DEM  |2 21 
100 0 |a Demurger, Alain  |e author  |9 502709 
245 1 0 |a Caballeros de Cristo: templarios, hospitalarios, teutónicos y demás órdenes militares en la edad media siglo XI A XVI 
300 |a 422 p 
942 |c BK 
945 |d 20061117 00:00:00  |a jtorresc 
260 |a Granada  |b Universidad de Granada  |c 2005 
650 7 |a TEMPLARIOS  |2 CL-VaPUC  |9 319066 
650 7 |a ORDENES DE CABALLERIA  |2 CL-VaPUC  |9 329600 
650 7 |a MAESTRE  |2 CL-VaPUC  |9 502710 
650 0 |a Órdenes religiosas  |9 257499 
650 0 |a Historia  |y Siglo 13  |9 502711 
583 |a last modification  |c 20061117 00:00:00  |k Rodrigo Vera 
490 0 |a Biblioteca de Humanidades, 92 
999 |c 318345  |d 318343 
952 |0 0  |1 0  |4 0  |6 271_791300000000000_DEM_2005  |7 0  |8 A  |9 396102  |a BIBHIS  |b BIBHIS  |d 2019-11-22  |i 4290623  |o 271.7913 DEM 2005  |p 4290623  |r 2025-01-20  |w 2019-11-22  |y BK  |k HIS